[Event "31.Schlosspark-Open"]
[Site "Wiesbaden-Biebrich"]
[Date "2019.08.22"]
[Round "1.57"]
[White "Scheid, Lennart"]
[Black "Geltz, Noah"]
[Result "0-1"]
[WhiteElo "1463"]
[BlackElo "2033"]
[PlyCount "72"]
[EventDate "2019.??.??"]
[WhiteTeam "SK Ladenburg"]
[BlackTeam "SF HN-Biberach"]

1. e4 d5 2. exd5 Nf6 3. Nc3 Nxd5 4. Nf3 Bf5 5. Nxd5 Qxd5 6. d4 Nc6 7. Bd3 O-O-O
8. c4 Qe6+ 9. Be2 Bg4 10. d5 Qf6 11. O-O Bxf3 12. Bxf3 Ne5 13. Be3 e6 14. Be2
a6 15. Qa4 exd5 16. cxd5 Rxd5 17. Rad1 Rxd1 18. Rxd1 Bd6 19. Qc2 Qg6 20. Qc3
Re8 21. b4 Kb8 22. a4 Ng4 23. Bxg4 Qxg4 24. Rb1 f5 25. Bd4 Qe4 26. Ra1 Be5 27.
Re1 Bxh2+ 28. Kxh2 Qxe1 29. Bxg7 Qxc3 30. Bxc3 Re4 31. Kg3 Rc4 32. Bd2 a5 33.
bxa5 Rxa4 34. f4 c5 35. Kh4 Ra2 36. Be3 Rxg2 0-1

[Event "31.Schlosspark-Open"]
[Site "Wiesbaden-Biebrich"]
[Date "2019.08.22"]
[Round "1.58"]
[White "Haack, Kevin"]
[Black "Treiber, Volker"]
[Result "1-0"]
[WhiteElo "2031"]
[BlackElo "1633"]
[PlyCount "99"]
[EventDate "2019.??.??"]
[WhiteTeam "SC Bad Soden"]
[BlackTeam "SK Lohr"]

1. c4 b6 2. Nf3 Bb7 3. d4 e6 4. Nc3 h6 5. e3 Nf6 6. Be2 Bb4 7. Bd2 Bxc3 8. Bxc3
d5 9. b3 Nbd7 10. O-O O-O 11. Bb2 Rc8 12. c5 Ne4 13. b4 c6 14. Nd2 Nxd2 15.
Qxd2 Nf6 16. Qc2 Ne4 17. f3 Ng5 18. Bc3 f5 19. Be1 Qe8 20. Bd3 Qg6 21. a4 bxc5
22. Qxc5 Ra8 23. Bg3 h5 24. a5 h4 25. Bxh4 Nh3+ 26. Kh1 Qh6 27. Be7 Qxe3 28.
gxh3 Qxd3 29. Bxf8 Rxf8 30. Qxa7 Ba6 31. Rad1 Qb5 32. Qd7 Qxb4 33. Rg1 Rf7 34.
Qe8+ Qf8 35. Qxc6 Be2 36. Rdf1 Bxf1 37. Rxf1 Rf6 38. a6 Qa3 39. Qb5 Rg6 40. Qe2
e5 41. Qxe5 Qxa6 42. Qxd5+ Kh7 43. Rg1 Rxg1+ 44. Kxg1 Qd3 45. h4 Kh6 46. Kf2
Kh5 47. Kg3 Qc2 48. Qe5 Kg6 49. d5 Qd2 50. Qe6+ 1-0

[Event "31.Schlosspark-Open"]
[Site "Wiesbaden-Biebrich"]
[Date "2019.08.22"]
[Round "1.59"]
[White "Sitta, Stefan"]
[Black "Yaghi, Rita"]
[Result "0-1"]
[WhiteElo "1613"]
[BlackElo "1989"]
[PlyCount "64"]
[EventDate "2019.??.??"]
[WhiteTeam "Sfr. Wiesbaden"]
[BlackTeam "SK Marburg"]

1. e4 c5 2. Nc3 d6 3. f4 e6 4. Nf3 a6 5. a4 Nc6 6. Bc4 Qc7 7. d3 Nf6 8. O-O Be7
9. Qe1 O-O 10. e5 Ne8 11. Qg3 d5 12. Bb3 Nb4 13. Na2 c4 14. Nxb4 cxb3 15. c3 a5
16. Nxd5 exd5 17. Kh1 f6 18. Re1 fxe5 19. fxe5 Ra6 20. Nd4 Rg6 21. Qe3 Bc5 22.
Qe2 Bg4 23. Qe3 Qf7 24. Bd2 Bxd4 25. Qxd4 Be6 26. Be3 Qf5 27. Bg1 Qg4 28. Qxg4
Bxg4 29. h3 Bf5 30. d4 Nc7 31. Re3 Ne6 32. Rc1 Be4 0-1

[Event "31.Schlosspark-Open"]
[Site "Wiesbaden-Biebrich"]
[Date "2019.08.22"]
[Round "1.60"]
[White "Wolf, Andreas"]
[Black "Freund, Stefan"]
[Result "1-0"]
[WhiteElo "2028"]
[BlackElo "1601"]
[PlyCount "89"]
[EventDate "2019.??.??"]
[WhiteTeam "FVS ASP Hoyerswerda"]
[BlackTeam "TuS Dotzheim"]

1. d4 d5 2. Nf3 Nf6 3. c4 c6 4. Nc3 e6 5. e3 Be7 6. Qc2 Nbd7 7. Bd3 dxc4 8.
Bxc4 Qc7 9. Bd2 O-O 10. Rc1 b6 11. O-O Bb7 12. Be2 a6 13. Rfd1 c5 14. dxc5 Qxc5
15. Nd4 Rfc8 16. Bf3 Bxf3 17. Nxf3 b5 18. Qd3 Qc4 19. Qb1 Qg4 20. h3 Qh5 21.
Ne4 Nxe4 22. Qxe4 Nc5 23. Qc2 Qg6 24. Bb4 Qxc2 25. Rxc2 a5 26. Bxc5 Rxc5 27.
Rxc5 Bxc5 28. Rc1 Be7 29. b3 a4 30. g4 axb3 31. axb3 g6 32. Rc7 Bd6 33. Rd7
Ra1+ 34. Kg2 Bc5 35. Ng5 Ra2 36. Kf3 Rb2 37. Nxf7 Rxb3 38. Ng5 e5 39. Rd8+ Bf8
40. Ne6 Kf7 41. Nxf8 Ke7 42. Rb8 b4 43. Nxh7 Rb1 44. Ng5 b3 45. Ne4 1-0

[Event "31.Schlosspark-Open"]
[Site "Wiesbaden-Biebrich"]
[Date "2019.08.22"]
[Round "1.61"]
[White "Lehmann, Wolfgang"]
[Black "Pfeffer, Marko"]
[Result "0-1"]
[WhiteElo "1599"]
[BlackElo "2025"]
[PlyCount "92"]
[EventDate "2019.??.??"]
[WhiteTeam "Wiesbadener SV"]
[BlackTeam "SC Bergen-Enkheim"]

1. d4 Nf6 2. c4 Nc6 3. Nf3 e6 4. Nc3 Bb4 5. a3 Bxc3+ 6. bxc3 d5 7. cxd5 exd5 8.
Bg5 h6 9. Bh4 g5 10. Bg3 Ne4 11. Qc1 h5 12. h4 Nxg3 13. fxg3 g4 14. Qe3+ Qe7
15. Qxe7+ Kxe7 16. Nd2 Bf5 17. e3 Rae8 18. Kf2 Rh6 19. Bb5 a6 20. Ba4 b5 21.
Bb3 Rf6 22. Ke2 Kd6 23. Rhf1 Ne7 24. Bc2 Ke6 25. Bxf5+ Nxf5 26. Kd3 Nxg3 27.
Rxf6+ Kxf6 28. a4 Nf5 29. Nf1 Nxh4 30. g3 Nf5 31. axb5 axb5 32. Ra6+ Kg5 33.
Rc6 Rc8 34. e4 dxe4+ 35. Kxe4 Re8+ 36. Kd3 Re1 37. Nd2 Re3+ 38. Kc2 b4 39. Rxc7
bxc3 40. Nb3 Nxg3 41. Rxf7 Nf5 42. Rf8 g3 43. d5 h4 44. Nc5 Nd4+ 45. Kd1 c2+
46. Kc1 Re1+ 0-1

[Event "31.Schlosspark-Open"]
[Site "Wiesbaden-Biebrich"]
[Date "2019.08.22"]
[Round "1.62"]
[White "Oparaugo, Thomas"]
[Black "Masoudi, Kian"]
[Result "1-0"]
[WhiteElo "2005"]
[BlackElo "1598"]
[PlyCount "59"]
[EventDate "2019.??.??"]
[WhiteTeam "SV Oberursel"]
[BlackTeam "SF Frankfurt"]

1. e4 e5 2. Nf3 Nc6 3. c3 d5 4. Qa4 Bd7 5. exd5 Nd4 6. Qd1 Nxf3+ 7. Qxf3 Bd6 8.
d3 Qf6 9. Be2 c6 10. dxc6 Bxc6 11. Qxf6 Nxf6 12. O-O O-O 13. Bg5 Nd7 14. Nd2 f5
15. Nc4 Bc7 16. Be7 Rfe8 17. Bd6 Bd8 18. a4 e4 19. d4 b6 20. Bg3 Rf8 21. Ne5
Nxe5 22. Bxe5 f4 23. Bc4+ Kh8 24. Rfe1 Rf5 25. Be6 Rxe5 26. dxe5 Bc7 27. Bf5
Bxe5 28. Bxe4 Bxe4 29. Rxe4 Bd6 30. Rd1 1-0

[Event "31.Schlosspark-Open"]
[Site "Wiesbaden-Biebrich"]
[Date "2019.08.22"]
[Round "1.63"]
[White "Baumeister, Lutz"]
[Black "Schmitz, Andreas Arnold"]
[Result "0-1"]
[WhiteElo "1505"]
[BlackElo "1991"]
[PlyCount "74"]
[EventDate "2019.??.??"]
[WhiteTeam "Wiesbadener SV"]
[BlackTeam "SV Freibauer Eikamp"]

1. d4 d5 2. Nf3 Nf6 3. e3 Bg4 4. Be2 e6 5. O-O Nbd7 6. h3 Bh5 7. Nbd2 c5 8. c3
Bd6 9. dxc5 Nxc5 10. Nb3 O-O 11. Nxc5 Bxc5 12. Ne5 Bxe2 13. Qxe2 Ne4 14. Nd3
Bd6 15. Bd2 Rc8 16. Rac1 Bb8 17. Be1 Qd6 18. f4 Qa6 19. a3 f5 20. Rd1 Nc5 21.
Qc2 Nxd3 22. Qxd3 Qxd3 23. Rxd3 b5 24. Kf2 a5 25. Kf3 Rc4 26. Rd4 a4 27. Rxc4
bxc4 28. Rf2 Bd6 29. Rc2 Be7 30. Bf2 Rb8 31. Be1 Rb3 32. Bd2 Kf7 33. g4 fxg4+
34. hxg4 g5 35. Bc1 Kg6 36. Rd2 gxf4 37. exf4 Bxa3 0-1

[Event "31.Schlosspark-Open"]
[Site "Wiesbaden-Biebrich"]
[Date "2019.08.22"]
[Round "1.64"]
[White "Philipp, Nils"]
[Black "Spiegel, Nina"]
[Result "1-0"]
[WhiteElo "2017"]
[BlackElo "1593"]
[PlyCount "65"]
[EventDate "2019.??.??"]
[WhiteTeam "Frankfurter TV"]
[BlackTeam "Sfr. Wiesbaden"]

1. e4 e5 2. Nf3 Nc6 3. Nc3 Nf6 4. d4 exd4 5. Nxd4 Bb4 6. Nxc6 Bxc3+ 7. bxc3
bxc6 8. e5 Nd5 9. c4 Ne7 10. Ba3 O-O 11. Bd3 d6 12. exd6 cxd6 13. Bxd6 Re8 14.
O-O Bf5 15. Bxe7 Qd7 16. Bc5 Bg4 17. f3 Bf5 18. Be4 Qe6 19. Bd3 Qe5 20. Bf2
Rad8 21. Re1 Qf6 22. Rxe8+ Rxe8 23. Bxf5 Qxf5 24. Qd3 Qf6 25. Re1 Rd8 26. Qe4
h6 27. Bxa7 Ra8 28. Bd4 Qd8 29. c3 Qa5 30. Qg4 g6 31. Qd7 Rf8 32. Qxc6 Qg5 33.
Qf6 1-0

[Event "31.Schlosspark-Open"]
[Site "Wiesbaden-Biebrich"]
[Date "2019.08.22"]
[Round "1.65"]
[White "Scholz, Benedict"]
[Black "Laux, Dominik"]
[Result "0-1"]
[WhiteElo "1533"]
[BlackElo "2016"]
[PlyCount "54"]
[EventDate "2019.??.??"]
[WhiteTeam "SV Eichlinghofen"]
[BlackTeam "VSG Offenbach"]

1. e4 c6 2. d4 d5 3. exd5 cxd5 4. Nf3 Nf6 5. Be2 Nc6 6. O-O Bf5 7. c3 e6 8. Bg5
Be7 9. Re1 O-O 10. Nbd2 h6 11. Bh4 a6 12. h3 b5 13. b4 Rc8 14. a4 Qb6 15. Ne5
g5 16. Bg3 Nxd4 17. cxd4 Bc2 18. a5 Qxd4 19. Ndf3 Qc3 20. Qd4 Bxb4 21. Rec1 Ne4
22. Bd3 Qxd4 23. Nxd4 Bxd3 24. Rxc8 Rxc8 25. Nxd3 Bc3 26. Rc1 Nxg3 27. Kh2 Rc4
0-1

[Event "31.Schlosspark-Open"]
[Site "Wiesbaden-Biebrich"]
[Date "2019.08.22"]
[Round "1.66"]
[White "Bakiev, Diyor"]
[Black "Mengel, Alexander"]
[Result "1-0"]
[WhiteElo "2014"]
[BlackElo "1439"]
[PlyCount "77"]
[EventDate "2019.??.??"]
[WhiteTeam "Wiesbadener SV"]
[BlackTeam "SC Niederfischbach"]

1. e4 c5 2. c3 g6 3. d4 cxd4 4. cxd4 Bg7 5. Nf3 d6 6. Nc3 a6 7. h3 Nc6 8. Be3
e6 9. Be2 Nge7 10. d5 exd5 11. exd5 Ne5 12. Nxe5 dxe5 13. O-O O-O 14. a4 Nf5
15. Bc5 Re8 16. a5 Nd6 17. b4 f5 18. Na4 b5 19. axb6 Bb7 20. Qb3 Kh8 21. Rac1
Ne4 22. Rfd1 Qh4 23. Nc3 Nxc3 24. Qxc3 Qf6 25. Qb3 h5 26. Bc4 Qg5 27. Qe3 Qxe3
28. fxe3 Bf6 29. d6 Kg7 30. Ra1 e4 31. Ra5 h4 32. Bd4 Bxd4 33. Rxd4 Kf6 34. Rc5
Red8 35. Rc7 Rab8 36. Rf7+ Kg5 37. d7 Bc6 38. Rd6 Rxb6 39. Rff6 1-0

[Event "31.Schlosspark-Open"]
[Site "Wiesbaden-Biebrich"]
[Date "2019.08.22"]
[Round "1.67"]
[White "Jahraus, Marlis"]
[Black "Junker, Christian"]
[Result "0-1"]
[WhiteElo "1578"]
[BlackElo "2011"]
[PlyCount "36"]
[EventDate "2019.??.??"]
[WhiteTeam "SC Untergrombach"]
[BlackTeam "SV Neu-Isenburg"]

1. e4 e5 2. Bc4 Nf6 3. d3 Nc6 4. Nc3 Be7 5. f4 exf4 6. Bxf4 d6 7. Nf3 O-O 8.
O-O Bg4 9. h3 Bh5 10. Qd2 Bg6 11. a3 a5 12. Ne2 Nh5 13. Be3 Kh8 14. g4 Nf6 15.
Nh4 Ne5 16. Nxg6+ hxg6 17. Rf2 Nxc4 18. dxc4 Nxe4 0-1

[Event "31.Schlosspark-Open"]
[Site "Wiesbaden-Biebrich"]
[Date "2019.08.22"]
[Round "1.68"]
[White "Eveleens, Wim"]
[Black "Probstfeld, Bernd"]
[Result "1-0"]
[WhiteElo "1999"]
[BlackElo "1573"]
[PlyCount "79"]
[EventDate "2019.??.??"]
[WhiteTeam "Amstel"]
[BlackTeam "SG Pieroth"]

1. c4 Nf6 2. g3 e6 3. Bg2 Be7 4. Nf3 Nc6 5. O-O O-O 6. d4 d5 7. b3 b6 8. Bb2
Bb7 9. cxd5 exd5 10. Nc3 Re8 11. Rc1 Rc8 12. Ne5 Nxe5 13. dxe5 Ne4 14. Nxe4
dxe4 15. Qc2 Bg5 16. Rcd1 Qe7 17. Bxe4 Bxe4 18. Qxe4 f6 19. Qc4+ Kh8 20. f4 Bh6
21. Rd3 Red8 22. Rfd1 Rxd3 23. Rxd3 Rd8 24. exf6 gxf6 25. Rxd8+ Qxd8 26. Qd4
Qxd4+ 27. Bxd4 Bg7 28. e4 Kg8 29. Kf2 Kf7 30. g4 h6 31. h4 Bf8 32. e5 fxe5 33.
Bxe5 c6 34. Kf3 Be7 35. g5 Kg6 36. Ke4 hxg5 37. hxg5 Ba3 38. Bd4 Bd6 39. Be3
Bc7 40. f5+ 1-0

[Event "31.Schlosspark-Open"]
[Site "Wiesbaden-Biebrich"]
[Date "2019.08.22"]
[Round "1.69"]
[White "Schneider, Luca"]
[Black "Fischer, Daniel"]
[Result "0-1"]
[WhiteElo "1512"]
[BlackElo "2003"]
[PlyCount "60"]
[EventDate "2019.??.??"]
[WhiteTeam "FC Bierstadt"]
[BlackTeam "SVG Offenburg"]

1. Nf3 c5 2. c4 g6 3. Nc3 Nc6 4. g3 Bg7 5. Bg2 e6 6. O-O Nge7 7. Qb3 O-O 8. d3
b6 9. Bf4 d5 10. Rfd1 Bb7 11. Rac1 h6 12. e4 d4 13. Ne2 e5 14. Bd2 f5 15. a3
fxe4 16. dxe4 d3 17. Nc3 Rxf3 18. Bxf3 Nd4 19. Qa2 Nxf3+ 20. Kg2 Nd4 21. Be3
Nec6 22. Rxd3 Qd7 23. Bxd4 Nxd4 24. b4 Rf8 25. Rcd1 Bc8 26. f3 Qh3+ 27. Kh1 Bg4
28. Rb1 Bxf3+ 29. Kg1 Ne2+ 30. Kf2 Nxc3 0-1

[Event "31.Schlosspark-Open"]
[Site "Wiesbaden-Biebrich"]
[Date "2019.08.22"]
[Round "1.70"]
[White "Grohmann, Alexander"]
[Black "Witt, Alexander"]
[Result "1-0"]
[WhiteElo "2003"]
[BlackElo "1554"]
[PlyCount "83"]
[EventDate "2019.??.??"]
[WhiteTeam "FVS ASP Hoyerswerda"]
[BlackTeam "Vorw.Orient Mainz"]

1. e4 e5 2. Nf3 Nc6 3. Bc4 h6 4. c3 Nf6 5. d3 a6 6. Bb3 d5 7. exd5 Nxd5 8. O-O
Bg4 9. h3 Bh5 10. Re1 Qd6 11. d4 O-O-O 12. g4 Bg6 13. dxe5 Qe6 14. Qe2 Bc5 15.
Nbd2 Na5 16. Ne4 Nxb3 17. axb3 Ba7 18. Nd4 Bxd4 19. cxd4 Qb6 20. Nc5 Nb4 21.
Ra4 Rxd4 22. Be3 Qxc5 23. Bxd4 Qxd4 24. e6 Bd3 25. Qd2 c5 26. exf7 Qd8 27. Qe3
b6 28. Qe6+ Kc7 29. Qe5+ Kc8 30. Qe6+ Kc7 31. Qe5+ Kc8 32. Qxg7 Bb5 33. Rxb4
cxb4 34. Rc1+ Kb8 35. Qe5+ Kb7 36. Qe4+ Kb8 37. Qe5+ Kb7 38. Qe4+ Kb8 39. Qf4+
Kb7 40. Qf3+ Kb8 41. Rd1 Qc7 42. f8=Q+ 1-0

[Event "31.Schlosspark-Open"]
[Site "Wiesbaden-Biebrich"]
[Date "2019.08.22"]
[Round "1.71"]
[White "Traut, Stefan"]
[Black "Gentner, Markus"]
[Result "0-1"]
[WhiteElo "1559"]
[BlackElo "2001"]
[PlyCount "142"]
[EventDate "2019.??.??"]
[WhiteTeam "SF Heusenstamm"]
[BlackTeam "SC Murrhardt"]

1. d4 Nf6 2. Nf3 c5 3. c3 b6 4. Bf4 Bb7 5. e3 g6 6. h3 Bg7 7. Bd3 O-O 8. O-O
Nc6 9. Nbd2 Rc8 10. Rc1 d6 11. Bc2 cxd4 12. exd4 Nd5 13. Bg3 Ba6 14. Re1 Bh6
15. Rb1 Nf4 16. Ne4 Qc7 17. Bxf4 Bxf4 18. g3 Bh6 19. Bd3 Bb7 20. Qe2 Qd7 21.
Kh2 Rc7 22. Neg5 Bg7 23. Rbd1 h6 24. Ne4 Bc8 25. Ng1 Nb8 26. Nd2 a6 27. Ndf3
Qa4 28. Bb1 Re8 29. Qd3 Bf5 30. Qd2 Bxb1 31. Rxb1 Qxa2 32. Ra1 Qc4 33. Ne2 Nd7
34. Nf4 Nf6 35. Qc1 a5 36. Nd2 Qc6 37. Qd1 e5 38. dxe5 dxe5 39. Ng2 Rd8 40. Qe2
Nd5 41. Nf3 Re7 42. Rad1 b5 43. Ne3 Red7 44. Nxd5 Rxd5 45. Rd2 Rxd2 46. Nxd2 f5
47. Nf1 Qd7 48. Kg1 Kf7 49. Ne3 Qd3 50. Qxd3 Rxd3 51. Rd1 Rxd1+ 52. Nxd1 Ke6
53. Kf1 e4 54. Ke2 Be5 55. Ke3 Kd5 56. Kd2 f4 57. gxf4 Bxf4+ 58. Kc2 g5 59. b3
h5 60. Nb2 Kc6 61. c4 b4 62. Kd1 Kc5 63. Ke2 Kd4 64. Nd1 a4 65. bxa4 Kxc4 66.
a5 Kb5 67. a6 Kxa6 68. Nb2 Kb5 69. Kd1 b3 70. Ke2 Kb4 71. Nd1 Bc1 0-1

[Event "31.Schlosspark-Open"]
[Site "Wiesbaden-Biebrich"]
[Date "2019.08.22"]
[Round "1.72"]
[White "Werner, Dimo"]
[Black "Herrmann, Gerhard"]
[Result "1-0"]
[WhiteElo "1995"]
[BlackElo "1554"]
[PlyCount "59"]
[EventDate "2019.??.??"]
[WhiteTeam "TSV Schott Mainz"]
[BlackTeam "SC Königsspringer Alzenau"]

1. d4 Nf6 2. Nf3 e6 3. c4 b6 4. g3 Bb7 5. Bg2 d5 6. Ne5 Nbd7 7. O-O Be7 8. Nc3
O-O 9. Bg5 Nxe5 10. dxe5 Nd7 11. Bxe7 Qxe7 12. cxd5 Nxe5 13. dxe6 Bxg2 14.
exf7+ Rxf7 15. Kxg2 c6 16. Qd4 Rd8 17. Qe4 Rdf8 18. Rad1 Qc5 19. Qd4 Qe7 20. h3
c5 21. Qe4 g5 22. Rd5 Rf5 23. g4 R5f6 24. Qxe5 Qg7 25. Ne4 Rf4 26. Qxg7+ Kxg7
27. f3 Kg6 28. Rxg5+ Kh6 29. Rh5+ Kg6 30. Rd1 1-0

[Event "31.Schlosspark-Open"]
[Site "Wiesbaden-Biebrich"]
[Date "2019.08.22"]
[Round "1.73"]
[White "Kuenne, Lutz"]
[Black "Pauls, Wilhelm"]
[Result "0-1"]
[WhiteElo "1546"]
[BlackElo "1995"]
[PlyCount "100"]
[EventDate "2019.??.??"]
[WhiteTeam "KC Jena"]
[BlackTeam "SG Kaarst"]

1. d4 Nf6 2. Bf4 g6 3. Nc3 d5 4. Nb5 Na6 5. c3 c6 6. Na3 Qb6 7. Qb3 Bg7 8. e3
Bf5 9. Nf3 Nh5 10. Bg3 O-O 11. Ne5 Nxg3 12. hxg3 Bxe5 13. dxe5 Qxb3 14. axb3
Nc5 15. b4 Nd7 16. f4 f6 17. exf6 Nxf6 18. Be2 h5 19. Bf3 e5 20. Nb1 exf4 21.
gxf4 Rfe8 22. Kf2 Bxb1 23. Raxb1 Kg7 24. Rbd1 Re7 25. Rhe1 Rd8 26. Rd4 a6 27.
Rd2 Kh6 28. g3 g5 29. Rde2 g4 30. Bg2 Kg6 31. Rd1 Kf5 32. Rd4 Rh8 33. Rd1 Rhe8
34. Rd4 Re6 35. Rd1 R8e7 36. Rd4 Kg6 37. Rd1 Re8 38. Rd4 R6e7 39. Rd1 Kf5 40.
Rd4 Ne4+ 41. Bxe4+ Rxe4 42. Rxe4 Kxe4 43. Rd2 Kf5 44. Rd1 Rh8 45. Rh1 Ke4 46.
Ke2 b6 47. Ra1 h4 48. Rh1 h3 49. Rh2 c5 50. bxc5 bxc5 0-1

[Event "31.Schlosspark-Open"]
[Site "Wiesbaden-Biebrich"]
[Date "2019.08.22"]
[Round "1.74"]
[White "Kropp, Volker"]
[Black "Gerber, Ingo"]
[Result "1/2-1/2"]
[WhiteElo "1993"]
[BlackElo "1529"]
[PlyCount "43"]
[EventDate "2019.??.??"]
[WhiteTeam "Vorw.Orient Mainz"]
[BlackTeam "SF Mainz"]

1. d4 Nf6 2. Nf3 e6 3. c4 Bb4+ 4. Nbd2 O-O 5. Qc2 b6 6. a3 Be7 7. e3 Bb7 8. Be2
c5 9. O-O cxd4 10. Nxd4 Nc6 11. b4 d5 12. Nxc6 Bxc6 13. cxd5 Bxd5 14. Ba6 Qd7
15. Bb2 Bb7 16. Bxb7 Qxb7 17. Qb3 Rfd8 18. Rfd1 Qd5 19. Nc4 Qf5 20. Ne5 Ng4 21.
Nxg4 Qxg4 22. Rd4 1/2-1/2

[Event "31.Schlosspark-Open"]
[Site "Wiesbaden-Biebrich"]
[Date "2019.08.22"]
[Round "1.75"]
[White "Busch, Guenther"]
[Black "Tremoehlen, Thomas"]
[Result "1/2-1/2"]
[WhiteElo "1505"]
[BlackElo "1989"]
[PlyCount "51"]
[EventDate "2019.??.??"]
[WhiteTeam "FC Bierstadt"]
[BlackTeam "SG Kaarst"]

1. c4 Nf6 2. Nf3 d6 3. Nc3 g6 4. b3 Bg7 5. Bb2 c6 6. g3 O-O 7. Bg2 e5 8. e4
Nbd7 9. O-O Qc7 10. d3 a5 11. a4 Nc5 12. Ba3 h6 13. h3 Be6 14. Qc2 Nfd7 15.
Rab1 f5 16. Nh4 f4 17. Nxg6 f3 18. Nxf8 Rxf8 19. Kh2 fxg2 20. Kxg2 Bf7 21. Ne2
Ne6 22. Bc1 Nd4 23. Nxd4 exd4 24. f4 c5 25. f5 Be8 26. Bf4 1/2-1/2

[Event "31.Schlosspark-Open"]
[Site "Wiesbaden-Biebrich"]
[Date "2019.08.22"]
[Round "1.76"]
[White "Kolker, Vladislav"]
[Black "Boscher, Hans"]
[Result "0-1"]
[WhiteElo "1977"]
[BlackElo "1492"]
[PlyCount "86"]
[EventDate "2019.??.??"]
[WhiteTeam "SC Bad Nauheim"]
[BlackTeam "SC Bad Soden"]

1. e4 e6 2. Nf3 d5 3. e5 c5 4. b4 cxb4 5. a3 Nc6 6. axb4 Bxb4 7. c3 Be7 8. d4
f6 9. Bd3 Qc7 10. Qe2 Bd7 11. O-O Nh6 12. exf6 Bxf6 13. Bxh6 gxh6 14. Re1 O-O-O
15. Na3 Rhe8 16. Ne5 Nxe5 17. dxe5 Bg5 18. g3 Kb8 19. Reb1 Be7 20. c4 d4 21.
Bxh7 Bc5 22. Nb5 Bxb5 23. Rxb5 b6 24. Bd3 Qe7 25. Qe4 Rc8 26. Bf1 Qb7 27. Qf4
Rf8 28. Bg2 Rxf4 29. Bxb7 Kxb7 30. gxf4 Rf8 31. Kg2 Rxf4 32. f3 d3 33. Rd1 Rxc4
34. Rxd3 Kc6 35. Rb1 a5 36. Kg3 a4 37. f4 a3 38. Ra1 b5 39. Rdxa3 Bxa3 40. Rxa3
b4 41. Ra6+ Kb7 42. Rxe6 b3 43. Re7+ Rc7 0-1

[Event "31.Schlosspark-Open"]
[Site "Wiesbaden-Biebrich"]
[Date "2019.08.22"]
[Round "1.77"]
[White "Schmidt, Joerg"]
[Black "Rutsatz, Mario"]
[Result "1/2-1/2"]
[WhiteElo "1490"]
[BlackElo "1977"]
[PlyCount "136"]
[EventDate "2019.??.??"]
[WhiteTeam "SK Niederbrechen"]
[BlackTeam "SF Frankfurt"]

1. d4 Nf6 2. c4 c5 3. d5 b5 4. cxb5 a6 5. f3 axb5 6. e4 Qa5+ 7. Bd2 b4 8. Na3
d6 9. Nc4 Qd8 10. a3 bxa3 11. Rxa3 Rxa3 12. bxa3 e6 13. Ba5 Qe7 14. Qa4+ Qd7
15. Qb3 Qb7 16. Qxb7 Bxb7 17. dxe6 fxe6 18. Bc7 Nc6 19. Bxd6 Be7 20. Be2 Ba6
21. Bc7 O-O 22. Nb6 Bxe2 23. Nxe2 Nd4 24. Nc4 Ra8 25. Kf2 Nb5 26. Bf4 Ra4 27.
Rb1 Nxa3 28. Rb8+ Bf8 29. Nxa3 Rxa3 30. Bd6 Nd7 31. Rd8 Ra7 32. Bxf8 Nxf8 33.
Rc8 Ra5 34. Nf4 Kf7 35. Rc7+ Kf6 36. Nd3 Ra2+ 37. Kg3 Ng6 38. Rxc5 Rd2 39. Nf2
Ne5 40. f4 Nd3 41. Ng4+ Kg6 42. Rg5+ Kf7 43. Ne5+ Nxe5 44. Rxe5 Kf6 45. Rc5 h6
46. h4 Rd3+ 47. Kh2 Re3 48. e5+ Kf5 49. g3 Kg4 50. Rc7 Re2+ 51. Kg1 Kxg3 52.
Rxg7+ Kxf4 53. Rg6 Kxe5 54. Rxh6 Kf5 55. Rh8 e5 56. h5 Re4 57. Kf2 Rh4 58. Kg3
Rh1 59. Kg2 Ra1 60. Kf2 Ke4 61. Kg2 Ra7 62. Kf2 Rf7+ 63. Ke2 Rb7 64. h6 Rb2+
65. Kf1 Rh2 66. h7 Rh5 67. Ke2 Rh2+ 68. Kf1 Ke3 1/2-1/2

[Event "31.Schlosspark-Open"]
[Site "Wiesbaden-Biebrich"]
[Date "2019.08.22"]
[Round "1.78"]
[White "Gerst, Michael"]
[Black "Troeger, Beate"]
[Result "1-0"]
[WhiteElo "1974"]
[BlackElo "1483"]
[PlyCount "71"]
[EventDate "2019.??.??"]
[WhiteTeam "Oberhausener SV"]
[BlackTeam "Vorw.Orient Mainz"]

1. d4 f5 2. g3 Nf6 3. Bg2 g6 4. Nf3 Bg7 5. O-O O-O 6. b4 e6 7. Bb2 d5 8. Nbd2
Nbd7 9. c4 Rb8 10. Qb3 dxc4 11. Nxc4 Ne4 12. Rad1 Ndf6 13. Nfe5 Qe8 14. Qd3 b5
15. Na5 Bb7 16. Rc1 Nd5 17. a3 Bxe5 18. dxe5 Qe7 19. Qxb5 Ba8 20. Qc4 Nd2 21.
Qc2 Nxf1 22. Kxf1 f4 23. Nc6 Bxc6 24. Qxc6 fxg3 25. hxg3 Qf7 26. Bd4 Rbd8 27.
Bxa7 Nb6 28. Bxb6 cxb6 29. Qxb6 Qf5 30. Qe3 Rc8 31. Rxc8 Rxc8 32. f4 Qb1+ 33.
Kf2 Qb2 34. Bh3 Kf7 35. Qa7+ Kf8 36. Bxe6 1-0

[Event "31.Schlosspark-Open"]
[Site "Wiesbaden-Biebrich"]
[Date "2019.08.22"]
[Round "1.79"]
[White "Hedrich, Gerd"]
[Black "Schmitz, Manuela"]
[Result "0-1"]
[WhiteElo "1472"]
[BlackElo "1940"]
[PlyCount "116"]
[EventDate "2019.??.??"]
[WhiteTeam "Wiesbadener SV"]
[BlackTeam "SV Freibauer Eikamp"]

1. Nf3 Nf6 2. d4 d5 3. c4 e6 4. cxd5 exd5 5. e3 c6 6. Nc3 Bg4 7. Be2 Nbd7 8. a3
Bd6 9. h3 Bh5 10. g4 Bg6 11. Nh4 Ne4 12. Nxg6 Nxc3 13. bxc3 hxg6 14. Bf1 Nf6
15. Bg2 Ne4 16. Bb2 Qe7 17. Qc2 f5 18. Bxe4 dxe4 19. gxf5 gxf5 20. a4 O-O-O 21.
Qe2 Rh4 22. O-O-O Ba3 23. Rdg1 Rdh8 24. Bxa3 Qxa3+ 25. Qb2 Qxb2+ 26. Kxb2 Rxh3
27. Rxh3 Rxh3 28. Rg2 g6 29. a5 Rh6 30. c4 b6 31. a6 Kd7 32. Kc3 Ke6 33. Kd2
Kf6 34. Ke2 Rh1 35. d5 cxd5 36. cxd5 Rh7 37. f4 Rd7 38. Rh2 Kg7 39. Ke1 Rxd5
40. Rc2 Rd7 41. Rc6 Kh6 42. Rc8 Kh5 43. Ke2 Rg7 44. Rh8+ Kg4 45. Rb8 Rc7 46.
Rb7 Rc2+ 47. Kd1 Ra2 48. Rxa7 Kf3 49. Rg7 Rxa6 50. Rxg6 Kxe3 51. Kc2 Kxf4 52.
Re6 Ra2+ 53. Kb3 Rd2 54. Rxb6 e3 55. Kc3 Rd8 56. Re6 Kf3 57. Re5 f4 58. Kc2 e2
0-1

[Event "31.Schlosspark-Open"]
[Site "Wiesbaden-Biebrich"]
[Date "2019.08.22"]
[Round "1.80"]
[White "Triantafillidis, Simeon"]
[Black "Scheerer, Julian"]
[Result "1-0"]
[WhiteElo "1952"]
[BlackElo "1400"]
[PlyCount "53"]
[EventDate "2019.??.??"]
[WhiteTeam "SF HN-Biberach"]
[BlackTeam "SV Ffm-Griesheim"]

1. e4 e5 2. Nf3 Nc6 3. Bc4 Bc5 4. b4 Bb6 5. a4 a6 6. c3 d6 7. Qb3 Qe7 8. d3 h6
9. O-O Nf6 10. Nbd2 O-O 11. Bb2 Re8 12. d4 Bd7 13. Rae1 Rad8 14. Ba3 exd4 15.
e5 Nh7 16. exd6 Qf6 17. dxc7 Bxc7 18. cxd4 Rxe1 19. Rxe1 Rf8 20. Bb2 Qg6 21. d5
Nb8 22. Ne4 Bf5 23. Nh4 Qh5 24. g3 Bh3 25. Qc3 Be5 26. Qxe5 Qxe5 27. Bxe5 1-0

[Event "31.Schlosspark-Open"]
[Site "Wiesbaden-Biebrich"]
[Date "2019.08.22"]
[Round "1.81"]
[White "Emrich, Franz"]
[Black "Kobs, Stephan"]
[Result "0-1"]
[WhiteElo "1439"]
[BlackElo "1961"]
[PlyCount "154"]
[EventDate "2019.??.??"]
[WhiteTeam "SC Lambsheim"]
[BlackTeam "SC Tempo Göttingen"]

1. d4 Nf6 2. c4 c5 3. d5 b5 4. b3 bxc4 5. bxc4 g6 6. Nd2 Bg7 7. Qc2 Nxd5 8. Bb2
Nb4 9. Qc1 Bxb2 10. Qxb2 O-O 11. e3 d5 12. a3 N4c6 13. Ngf3 d4 14. exd4 Nxd4
15. Nxd4 cxd4 16. Bd3 Nc6 17. O-O Rb8 18. Qc2 Ne5 19. Rfe1 Nxd3 20. Qxd3 Bf5
21. Ne4 e5 22. Rac1 f6 23. c5 Kg7 24. c6 Bxe4 25. Qxe4 Qc7 26. Rb1 Rxb1 27.
Rxb1 Rb8 28. Rc1 Rd8 29. h3 d3 30. Rb1 d2 31. Rd1 Rd6 32. Kh2 Rxc6 33. Rxd2 Rc4
34. Qd5 Rd4 35. Rxd4 exd4+ 36. g3 Qb6 37. Kg2 Qa6 38. Qxd4 Qxa3 39. Qd7+ Kh6
40. Qd2+ g5 41. h4 Qc5 42. hxg5+ Qxg5 43. Qd7 a5 44. f4 Qc5 45. Kh3 Qh5+ 46.
Kg2 Qe2+ 47. Kh3 Qe4 48. Qf7 Qg6 49. Qf8+ Qg7 50. Qe8 f5 51. Qb5 Qg4+ 52. Kg2
Kh5 53. Qxa5 Qe2+ 54. Kh3 Qf1+ 55. Kh2 Kg4 56. Qa2 Qh3+ 57. Kg1 Qxg3+ 58. Kh1
Qh3+ 59. Kg1 Kxf4 60. Qc4+ Kg5 61. Qg8+ Kf6 62. Qf8+ Ke5 63. Qc5+ Kf4 64. Qd4+
Kg3 65. Qg7+ Qg4 66. Qc3+ Kh4+ 67. Kf1 Qh3+ 68. Qxh3+ Kxh3 69. Kf2 Kg4 70. Kg2
f4 71. Kf2 h5 72. Kg2 h4 73. Kh2 Kf3 74. Kg1 Ke2 75. Kh2 f3 76. Kh3 f2 77. Kxh4
f1=Q 0-1